000 00934nmm a2200289 a 4500
001 ocm0001864626
003 TR-IsHL
005 20201028171751.0
008 180330s2018 tu tur
007 cr cn
020 _a9786051511207
035 _a1864626
_b(N$T)
050 0 4 _aPL248.D365
_bS23 2018
090 0 4 _aPL248.D365
_bS23 2018
100 1 _aDamla, Nurdan
245 1 0 _aSabır ve vefa timsali Hazreti Zeyneb
_h[electronic resource] /
_cNurdan Damla ; editör Erol Şahnacı
260 _aİstanbul :
_bHayat Yayınları,
_c2018
300 _a345 p.
500 _aKaynakça var.
_x
650 4 _aDil ve Edebiyat
650 4 _aLanguage and Literature
650 0 _aTürk romanı
650 0 _aTurkis fiction
650 7 _aLITERARY COLLECTIONS / Middle Eastern
_2bisacsh
700 1 _aŞahnacı, Erol
856 4 0 _uhttp://search.ebscohost.com/login.aspx?direct=true&scope=site&db=e011xww&AN=1864626
999 _c16866
_d16866